| 000 | 00687nam a2200169 a 4500 | ||
|---|---|---|---|
| 008 | 060821s2005 xx |||||||||||||| || u | ||
| 050 | _aTHESIS | ||
| 100 | _aMwenya, Hope Matanda | ||
| 245 | 1 | 4 |
_aThe opportunities and challenges of growing heavea brasiliensis in Zambia _cthesis supervised by Royd Vinya |
| 260 |
_a _bCopperbelt University, School of Natural Resources _c2005 |
||
| 350 | _a0.00 | ||
| 650 | _aFORESTRY | ||
| 650 | _aHEAVEA BRASILIENSIS | ||
| 650 | _aFORESTRY--ZAMBIA | ||
| 650 | _aRUBBER PLANTS--ZAMBIA | ||
| 995 |
_D0.00 _FCBU-MAIN LIBRARY (Kitwe) _H1 _I0.00 _M1 _UAVAILABLE _WAug 21, 2006 _ZUniversity Collection |
||
| 999 |
_c52699 _d52699 |
||